|
|
|
|
| LEADER |
00000naa0a2200000 4500 |
| 001 |
590687 |
| 005 |
20250620120226.0 |
| 035 |
|
|
|a (RuTPU)RU\TPU\tpu\49
|
| 035 |
|
|
|a TPU00000049
|
| 090 |
|
|
|a 590687
|
| 100 |
|
|
|a 20011210d1965 k||y0rusy50 ca
|
| 101 |
0 |
|
|a rus
|
| 102 |
|
|
|a RU
|
| 200 |
1 |
|
|a К вопросу о социально-экономических последствиях переселенческой политики Столыпина на Дальнем Востоке
|f Л. Б. Белявская
|
| 461 |
|
1 |
|t Вопросы истории Советского Дальнего Востока
|o тезисы докладов и сообщений на IV Дальневосточной научной конференции. Секция археологии, истории дооктябрьского периода, этнографии и филологии
|
| 463 |
|
1 |
|t Вып. 2
|v С. 42-44
|d 1965
|
| 610 |
1 |
|
|a история
|
| 610 |
1 |
|
|a труды учёных ТПУ
|
| 700 |
|
1 |
|a Белявская
|b Л. Б.
|
| 801 |
|
0 |
|a RU
|b 63413507
|c 20011210
|g PSBO
|
| 801 |
|
2 |
|a RU
|b 63413507
|c 20090527
|g PSBO
|
| 850 |
|
|
|a 63413507
|
| 942 |
|
|
|c BK
|